| 000 | 01621nam0a2200313 4500 | ||
|---|---|---|---|
| 001 | RU\NLR\bibl\65651 | ||
| 005 | 20260407070332.0 | ||
| 010 |
_a5-85534-133-Х _9200 |
||
| 021 |
_aRU _b98-43959 _92111 |
||
| 035 | _a(NLR Aleph) 000064036 | ||
| 090 |
_a350259 _c350259 |
||
| 100 | _a19991224d1997 |||y0rusy50 ca | ||
| 101 | 0 | _arus | |
| 102 | _aRU | ||
| 105 | _aa ||||||||| | ||
| 200 | 1 |
_aАктуальные проблемы экономической истории России XX века _eСб. науч. ст. _fМ-во общ. и проф. образования Рос. Федерации, Волгогр. гос. ун-т, НИИ пробл. экон. истории России XX в. _g[Редкол.: д.э.н., проф. М.М. Загорулько (отв. ред.) и др.] |
|
| 210 |
_aВолгоград _cИзд-во Волгогр. гос. ун-та _d1997 |
||
| 215 |
_a191,[1] с. _d20 _cил., портр. |
||
| 320 | _aБиблиогр. в подстроч. прим. | ||
| 607 |
_aРоссийская Федерация _jСборники _xЭкономическая история _92129575 _3RU\NLR\auth\661284948 |
||
| 686 | _aУ03(2)74я43 | ||
| 702 | 1 |
_4340 _7ca _8rus _aЗагорулько _bМ. М. _f1924-2021 _gМаксим Матвеевич _3RU\NLR\AUTH\770139976 _9139941 |
|
| 711 | 0 | 2 |
_aНИИ проблем экономической истории России XX века _cВолгоград _3RU\NLR\AUTH\8810015779 _9529418 |
| 801 | 0 |
_aRU _bNLR _c19991224 _gPSBO |
|
| 801 | 1 |
_aRU _bNLR _c19991224 |
|
| 852 |
_aNLR _j99-3/16760 |
||
| 942 | _cBOOK | ||
| 980 | _aNB | ||